| 000 | 00855nas a2200289 4500 | ||
|---|---|---|---|
| 001 | BR0807531 | ||
| 003 | BR-BrBNA | ||
| 005 | 20231205112702.0 | ||
| 007 | ta | ||
| 008 | 230509b bl.|||p| |||| 00| 00por d | ||
| 040 |
_aBR-BrBNA _bpor _cBiblioteca Nacional de Agricultura |
||
| 041 | _a(Pt) | ||
| 072 | _aF03 | ||
| 100 | 1 | _aDousseau, S. | |
| 100 | 1 | _aAlvarenga, A.A. de | |
| 100 | 1 | _aCastro, E.M. de | |
| 100 | 1 | _aArantes, L. de O.A. | |
| 100 | 1 | _aNery, F.C. | |
| 245 | 1 | _aSuperação de dormência em sementes de Zeyheria montana Mart. | |
| 650 | _aPLANTA MEDICINAL | ||
| 650 | _aSEMENTE | ||
| 650 | _aGERMINAÇÃO | ||
| 650 | _aFISIOLOGIA VEGETAL | ||
| 773 | 0 |
_tCiência e Agrotecnologia (Brazil) _xISSN 1413-7054 _g(Nov-Dec 2007), v. 31(6) p. 1744-1748 _wBR0807531 |
|
| 909 |
_a202311 _bLúcia _c55 _dLúcia Elande |
||
| 942 |
_2AGRIS _n0 _cANA |
||
| 999 |
_c199364 _d199364 |
||